Citations célèbres d'Allemagne - Statistiques

Statistiques générales
  • Ce quiz a été pris 15 fois
  • Le résultat moyen est 6 sur 15
Statistiques - réponses
Question Réponse % Correct
Mehr Licht! (Plus de lumière!) Johann Wolfgang von Goethe
100%
Wir schaffen das! (Nous y arriverons!) Angela Merkel
67%
Agis de telle sorte que la maxime de ta volonté puisse être érigée en loi morale universelle Emmanuel Kant
67%
J'ai toujours pensé que les records étaient là pour être battus. Michael Schumacher
67%
Quel beau jour, quel soleil magnifique, et moi je dois mourir. Mais combien de jeunes gens, de garçons pleins d'espoir, sont tués sur les champs de bataille… Qu'importe ma mort si, grâce à nous, des milliers d'hommes ont les yeux ouverts. Sophie Scholl
67%
C'est avec la même conscience professionnelle que je lave le linge sale de la famille et celui de l'Allemagne. Beate Klarsfeld
33%
Wo Herz und Gemüt erkaltet ist, da kann die Kunst nie heimisch sein. (Là où le cœur et l'esprit sont froids, l'Art ne peut jamais être chez lui). Caspar David Friedrich
33%
Vorwärts immer, rückwärts nimmer! (Progrès, toujours, retour en arrière, jamais!) Erich Honecker
33%
Erst wägen, dann wagen (Soupeser puis agir, Leitmotiv du personnage) Helmuth Karl Bernhard von Moltke
33%
Die Philosphie geht dann fehl, wenn sie über Gott oder Gottes Ratschlüsse zu urteilen beginnt. (La philosophie se trompe, lorsqu'elle juge Dieu ou les conseils divins) Philippe Mélanchthon
33%
Celui qui ne bouge pas ne sent pas ses chaînes. Rosa Luxemburg
33%
Die Herren machen das selber, daß ihnen der arme Mann Feind wird. (Les maîtres seuls, par leurs actions, retournent les pauvres gens contre eux) Thomas Müntzer
33%
Ich mache Liebe durch die Kamera. (Je fais l'amour à travers la caméra). Fatih Akin
0%
Das Geschlecht ruht nicht im Körper, sondern in der Seele. (Le sexe ne repose pas dans le corps, mais dans l'âme). Magnus Hirschfeld
0%
Les vérités scientifiques finissent toujours par s'imposer, pas parce que la vérité triomphe toujours mais parce que leurs ennemis finissent par mourir. Max Planck
0%
Aucun quiz correspondant
Distribution des résultats
% des personnes avec chaque résultat
Percentile par nombre de réponses
Votre historique - résultats
Vous n’avez pas pris ce quiz